[Event "GER-ch Rapid (Women)"]
[Site "Dinkelsbuehl"]
[Date "2023.11.12"]
[Round "7"]
[White "Moncayo Romero, Evelyn"]
[Black "Arnhold, Steffi"]
[Result "1/2-1/2"]
[WhiteElo "2083"]
[BlackElo "2149"]
[PlyCount "118"]
[EventDate "2023.11.11"]
[EventType "swiss (rapid)"]
[EventRounds "9"]
[EventCountry "GER"]
[SourceTitle "CB47_2023"]
[SourceDate "2023.11.22"]
[SourceVersion "1"]
[SourceVersionDate "2023.11.22"]
[SourceQuality "1"]

1. e4 c5 2. Nf3 e6 3. d4 cxd4 4. Nxd4 a6 5. c4 Qc7 6. a3 Nf6 7. Nc3 d6 8. Be3 Be7 9. Be2 Nbd7 10. 0-0 b6 11. Rc1 Bb7 12. f3 0-0 13. Qd2 Rac8 14. b4 Rfe8 15. Rfd1 Qb8 16. Bf2 Bd8 17. Nb3 Bc7 18. g3 Qa8 19. Bf1 Ne5 20. Qe3 d5 21. Nd2 Rcd8 22. cxd5 exd5 23. Nb5 Bb8 24. Nc7 Bxc7 25. Rxc7 dxe4 26. Qb3 Nd5 27. Rxb7 Qxb7 28. Nxe4 Ne7 29. Rd6 Rxd6 30. Nxd6 Qxf3 31. Qxf3 Nxf3+ 32. Kg2 Rd8 33. Nb7 Rd7 34. Bxa6 Nd4 35. g4 Nc2 36. Bxb6 Nxa3 37. Bc5 Nd5 38. Nd6 Nc7 39. Bd3 Ne6 40. Kf3 Nxc5 41. bxc5 Rc7 42. Ne4 Kf8 43. Ke3 Ke7 44. Kd4 h5 45. gxh5 Ke6 46. Nd6 Ra7 47. Bf5+ Kf6 48. c6 Nb5+ 49. Nxb5 Ra4+ 50. Ke3 Kxf5 51. c7 Ra8 52. Nd6+ Kg5 53. Nxf7+ Kxh5 54. Nd6 Kh4 55. Kf2 Kh3 56. Kg1 Ra1+ 57. Kf2 Rc1 58. c8Q+ Rxc8 59. Nxc8 Kxh2 1/2-1/2

[Event "GER-ch Rapid (Women)"]
[Site "Dinkelsbuehl"]
[Date "2023.11.11"]
[Round "1"]
[White "Arnhold, Steffi"]
[Black "Novikova, Margarita"]
[Result "1/2-1/2"]
[WhiteElo "2149"]
[BlackElo "1897"]
[PlyCount "93"]
[EventDate "2023.11.11"]
[EventType "swiss (rapid)"]
[EventRounds "9"]
[EventCountry "GER"]
[SourceTitle "CB47_2023"]
[SourceDate "2023.11.22"]
[SourceVersion "1"]
[SourceVersionDate "2023.11.22"]
[SourceQuality "1"]

1. e4 d5 2. exd5 Qxd5 3. Nc3 Qd6 4. d4 Nf6 5. Nf3 Bg4 6. Be2 c6 7. h3 Bf5 8. Be3 e6 9. Qd2 Qc7 10. 0-0-0 Nbd7 11. g4 Ne4 12. Nxe4 Bxe4 13. Rhe1 Nb6 14. Kb1 Bxf3 15. Bxf3 Nc4 16. Qc3 Nxe3 17. fxe3 0-0-0 18. Bh1 Be7 19. Rf1 Bf6 20. a3 Rd7 21. Qb3 Rhd8 22. Rf2 Kb8 23. Rdf1 h6 24. c3 e5 25. Ka2 exd4 26. exd4 Qb6 27. Qxb6 axb6 28. Re2 b5 29. Rf4 Kc7 30. Rfe4 Ra8 31. Kb3 Kd6 32. R4e3 Re7 33. Rxe7 Bxe7 34. Rf2 Bf6 35. Re2 Rd8 36. Kb4 Ra8 37. Bg2 Kd7 38. Kb3 Re8 39. Rxe8 Kxe8 40. Kb4 Kd7 41. d5 Be7+ 42. Ka5 Bd8+ 43. Kb4 Be7+ 44. Kb3 Kd6 45. dxc6 bxc6 46. c4 Kc5 47. cxb5 1/2-1/2

[Event "Bayern-chI Bank Hofmann 26th"]
[Site "Tegernsee"]
[Date "2023.11.05"]
[Round "9"]
[White "Linster, Philippe"]
[Black "Arnhold, Steffi"]
[Result "1/2-1/2"]
[WhiteElo "2303"]
[BlackElo "2142"]
[PlyCount "40"]
[EventDate "2023.10.28"]
[EventType "swiss"]
[EventRounds "9"]
[EventCountry "GER"]
[SourceTitle "Mega2024 Update 01"]
[Source "Chessbase"]
[SourceDate "2023.11.12"]
[SourceVersion "1"]
[SourceVersionDate "2023.11.12"]
[SourceQuality "1"]

1. c4 e5 2. g3 Nf6 3. Bg2 d5 4. cxd5 Nxd5 5. Nc3 Nb6 6. Nf3 Nc6 7. 0-0 Be7 8. d3 0-0 9. Be3 Be6 10. Rc1 f6 11. d4 exd4 12. Nxd4 Nxd4 13. Bxd4 c6 14. e4 Re8 15. b3 Ba3 16. Rc2 Nd7 17. Ne2 Qe7 18. Nf4 Bf7 19. Qe2 Ne5 20. Rd1 a5 1/2-1/2

[Event "Bavaria-ch 94th"]
[Site "Rosenheim"]
[Date "2023.08.25"]
[Round "8"]
[White "Lohvinov, Petro"]
[Black "Arnhold, Steffi"]
[Result "1/2-1/2"]
[WhiteElo "2237"]
[BlackElo "2110"]
[PlyCount "87"]
[EventDate "2023.08.20"]
[EventType "tourn"]
[EventRounds "9"]
[EventCountry "GER"]
[SourceTitle "CBM 215 Extra"]
[Source "ChessBase"]
[SourceDate "2023.09.30"]
[SourceVersion "1"]
[SourceVersionDate "2023.09.30"]
[SourceQuality "1"]

1. Nf3 d5 2. g3 Bg4 3. Bg2 Nf6 4. 0-0 e6 5. c4 Bxf3 6. Bxf3 c6 7. cxd5 exd5 8. d3 Bc5 9. a3 Nbd7 10. b4 Bb6 11. Bb2 0-0 12. Nd2 Re8 13. Rc1 Qe7 14. Nb3 Ne5 15. Bxe5 Qxe5 16. d4 Qe7 17. Qd3 Ne4 18. e3 Nd6 19. Bg2 a5 20. Nc5 Bd8 21. bxa5 Bxa5 22. a4 Reb8 23. Rb1 g6 24. Rfc1 Ra7 25. h4 h5 26. e4 dxe4 27. Nxe4 Rd8 28. d5 Nf5 29. d6 Nxd6 30. Qd4 Nb5 31. Nf6+ Kh8 32. Qb2 Nd4 33. Nd5 Qe5 34. Ne3 Qg7 35. Rd1 Ne6 36. Qb3 Bc7 37. Rxd8+ Bxd8 38. Rd1 b5 39. axb5 cxb5 40. Qxb5 Ra1 41. Qe8+ Kh7 42. Bh3 Rxd1+ 43. Nxd1 Qf8 44. Qxf8 1/2-1/2

[Event "Bavaria-ch 94th"]
[Site "Rosenheim"]
[Date "2023.08.24"]
[Round "7"]
[White "Arnhold, Steffi"]
[Black "Heidrich, Manfred"]
[Result "1-0"]
[WhiteElo "2110"]
[BlackElo "2332"]
[PlyCount "57"]
[EventDate "2023.08.20"]
[EventType "tourn"]
[EventRounds "9"]
[EventCountry "GER"]
[SourceTitle "CBM 215 Extra"]
[Source "ChessBase"]
[SourceDate "2023.09.30"]
[SourceVersion "1"]
[SourceVersionDate "2023.09.30"]
[SourceQuality "1"]

1. e4 c5 2. Nf3 Nf6 3. e5 Nd5 4. Nc3 e6 5. Ne4 Nc6 6. c4 Nc7 7. Nd6+ Bxd6 8. exd6 Na6 9. d4 cxd4 10. a3 e5 11. b4 Qf6 12. Bd3 Qxd6 13. c5 Nxc5 14. bxc5 Qxc5 15. 0-0 Qe7 16. Re1 d6 17. h3 0-0 18. a4 h6 19. Ba3 Be6 20. Nxe5 Qc7 21. Nf3 Rfd8 22. Rc1 Qa5 23. Bc2 Rac8 24. Qd3 Kf8 25. Qh7 Qc3 26. Rxe6 fxe6 27. Bg6 Ne7 28. Rxc3 dxc3 29. Nd4 1-0

[Event "Bavaria-ch 94th"]
[Site "Rosenheim"]
[Date "2023.08.23"]
[Round "5"]
[White "Arnhold, Steffi"]
[Black "Boehme, Sebastian1111"]
[Result "0-1"]
[WhiteElo "2110"]
[BlackElo "2215"]
[PlyCount "128"]
[EventDate "2023.08.20"]
[EventType "tourn"]
[EventRounds "9"]
[EventCountry "GER"]
[SourceTitle "CBM 215 Extra"]
[Source "ChessBase"]
[SourceDate "2023.09.30"]
[SourceVersion "1"]
[SourceVersionDate "2023.09.30"]
[SourceQuality "1"]

1. e4 c6 2. d4 d5 3. Nd2 dxe4 4. Nxe4 Nf6 5. Nxf6+ exf6 6. c3 Bd6 7. Bd3 0-0 8. Ne2 Re8 9. Qc2 h5 10. 0-0 h4 11. h3 Nd7 12. Bd2 Nf8 13. Rae1 g6 14. c4 Bc7 15. Qc3 Be6 16. f4 f5 17. b3 a5 18. Bc1 Bd6 19. a3 Be7 20. Bb2 Bf6 21. Qc2 Bg7 22. Kh1 Rc8 23. Qd2 Qb6 24. Bc3 Ra8 25. Qb2 Red8 26. Rd1 Rd7 27. Rfe1 Qc7 28. Bb1 Rad8 29. Ba2 Bh6 30. Rf1 b5 31. d5 bxc4 32. bxc4 cxd5 33. Be5 Qa7 34. cxd5 Bxd5 35. Rxd5 Rxd5 36. Bxd5 Rxd5 37. Nd4 Qd7 38. Qc3 Kh7 39. Nf3 Rd1 40. Rxd1 Qxd1+ 41. Kh2 f6 42. Bb8 Qd8 43. Bc7 Qd7 44. Nxh4 a4 45. Bb8 Kg7 46. Qb4 Ne6 47. Nf3 Kf7 48. Bd6 Qxd6 49. Qxd6 Bxf4+ 50. Qxf4 Nxf4 51. Nd2 Ke6 52. Nc4 Ne2 53. h4 Nc3 54. Kg3 Kd5 55. Nb2 Ke4 56. Nc4 Kd3 57. Nb6 Kd4 58. h5 gxh5 59. Kf4 Nd5+ 60. Nxd5 Kxd5 61. Kxf5 Kc4 62. Kxf6 Kb3 63. Kg5 Kxa3 64. Kxh5 Kb4 0-1

[Event "Bavaria-ch 94th"]
[Site "Rosenheim"]
[Date "2023.08.22"]
[Round "3"]
[White "Arnhold, Steffi"]
[Black "Bunk, Wolfgang"]
[Result "1/2-1/2"]
[WhiteElo "2110"]
[BlackElo "1983"]
[PlyCount "111"]
[EventDate "2023.08.20"]
[EventType "tourn"]
[EventRounds "9"]
[EventCountry "GER"]
[SourceTitle "CBM 215 Extra"]
[Source "ChessBase"]
[SourceDate "2023.09.30"]
[SourceVersion "1"]
[SourceVersionDate "2023.09.30"]
[SourceQuality "1"]

1. e4 d5 2. exd5 Qxd5 3. Nc3 Qa5 4. d4 Nf6 5. Nf3 Bf5 6. Bd2 e6 7. Bc4 Bb4 8. a3 Bxc3 9. Bxc3 Qb6 10. 0-0 Nc6 11. a4 a5 12. Qe2 0-0 13. b3 Rad8 14. Rad1 Nb4 15. Bxb4 axb4 16. Bd3 Bg4 17. Be4 c6 18. Qe3 Nxe4 19. Qxe4 Bxf3 20. gxf3 Rd5 21. Rd3 Rfd8 22. Rfd1 Qc7 23. Qh4 Rf5 24. Kh1 Rdd5 25. Rg1 g6 26. Rg4 Kg7 27. Qg3 Qe7 28. Qh4 Qxh4 29. Rxh4 h5 30. Kg2 Kf6 31. Re4 Rg5+ 32. Kf1 Ke7 33. h4 Rgf5 34. Ke2 g5 35. hxg5 Rxg5 36. Rh4 Kf6 37. Ke3 Rg1 38. Ke2 Kg5 39. Rh2 Kf4 40. Rh4+ Kg5 41. Rh2 Rf5 42. Re3 Kf6 43. Re4 Rd5 44. Rhh4 Rgg5 45. Rh1 Ke7 46. Ke3 Kd6 47. Rf4 Rgf5 48. Rxf5 Rxf5 49. Rh4 Rd5 50. Rh2 c5 51. dxc5+ Rxc5 52. Kd2 Rc3 53. Rxh5 Rxf3 54. Ke2 Rc3 55. Kd2 Rf3 56. Ke2 1/2-1/2

[Event "GER-ch Blitz (Women)"]
[Site "Viernheim"]
[Date "2023.07.15"]
[Round "9"]
[White "Groeschel, Karoline"]
[Black "Arnhold, Steffi"]
[Result "1-0"]
[WhiteElo "1934"]
[BlackElo "2110"]
[PlyCount "81"]
[EventDate "2023.07.15"]
[EventType "tourn (blitz)"]
[EventRounds "27"]
[EventCountry "GER"]
[SourceTitle "CBM 215 Extra"]
[Source "ChessBase"]
[SourceDate "2023.09.30"]
[SourceVersion "1"]
[SourceVersionDate "2023.09.30"]
[SourceQuality "1"]

1. e4 c5 2. Nf3 e6 3. d4 cxd4 4. Nxd4 a6 5. c4 Qc7 6. Nc3 Nf6 7. a3 Be7 8. Be3 d6 9. Be2 Nbd7 10. Rc1 b6 11. b4 Bb7 12. f3 0-0 13. 0-0 Rac8 14. Na4 Rfe8 15. Kh1 Qb8 16. Nb3 Bd8 17. Qe1 d5 18. exd5 exd5 19. c5 Rxe3 20. Qd1 bxc5 21. Naxc5 Nxc5 22. Nxc5 Bb6 23. Nxa6 Bxa6 24. Bxa6 Rxc1 25. Qxc1 h6 26. a4 Re2 27. Bxe2 d4 28. Rd1 Nd5 29. Qd2 Ne3 30. Rc1 Qf4 31. Qd3 g6 32. Bf1 Qh4 33. Qe4 Qg5 34. a5 Nf5 35. Rc8+ Kh7 36. axb6 Qd2 37. Qe2 Qf4 38. b7 Qh4 39. Kg1 d3 40. Qf2 Qxb4 41. b8Q 1-0

[Event "GER-ch Blitz (Women)"]
[Site "Viernheim"]
[Date "2023.07.15"]
[Round "13"]
[White "Heinemann, Josefine"]
[Black "Arnhold, Steffi"]
[Result "1-0"]
[WhiteElo "2297"]
[BlackElo "2110"]
[PlyCount "57"]
[EventDate "2023.07.15"]
[EventType "tourn (blitz)"]
[EventRounds "27"]
[EventCountry "GER"]
[SourceTitle "CBM 215 Extra"]
[Source "ChessBase"]
[SourceDate "2023.09.30"]
[SourceVersion "1"]
[SourceVersionDate "2023.09.30"]
[SourceQuality "1"]

1. e4 c5 2. c3 Nf6 3. e5 Nd5 4. Nf3 e6 5. d4 cxd4 6. cxd4 d6 7. Bc4 Qc7 8. Bb3 Be7 9. 0-0 0-0 10. Re1 b6 11. Bd2 Nd7 12. Bxd5 exd5 13. Nc3 Bb7 14. Rc1 Qd8 15. e6 fxe6 16. Rxe6 Nf6 17. Bg5 Qd7 18. Qe2 Rae8 19. Re1 Rf7 20. Bxf6 gxf6 21. Nh4 Bc8 22. Re3 f5 23. Nxd5 Bxh4 24. Rxe8+ Kg7 25. Qh5 Bd8 26. h4 Bb7 27. Nf4 h6 28. Rxd8 Qxd8 29. Ne6+ 1-0

[Event "GER-ch Blitz (Women)"]
[Site "Viernheim"]
[Date "2023.07.15"]
[Round "3"]
[White "Malinowsky, Celina"]
[Black "Arnhold, Steffi"]
[Result "0-1"]
[WhiteElo "1518"]
[BlackElo "2110"]
[PlyCount "124"]
[EventDate "2023.07.15"]
[EventType "tourn (blitz)"]
[EventRounds "27"]
[EventCountry "GER"]
[SourceTitle "CBM 215 Extra"]
[Source "ChessBase"]
[SourceDate "2023.09.30"]
[SourceVersion "1"]
[SourceVersionDate "2023.09.30"]
[SourceQuality "1"]

1. e4 c5 2. Nc3 Nc6 3. Bc4 e6 4. d3 a6 5. a4 d6 6. f4 g6 7. Nf3 Bg7 8. f5 Nge7 9. 0-0 0-0 10. Qe1 exf5 11. Qh4 Ne5 12. Ba2 Nxf3+ 13. Rxf3 fxe4 14. Nxe4 Nf5 15. Qxd8 Rxd8 16. Bg5 Rf8 17. c3 h6 18. Bd2 Be6 19. Bxe6 fxe6 20. g4 Nh4 21. Rxf8+ Rxf8 22. Be3 g5 23. Rf1 Rxf1+ 24. Kxf1 Be5 25. h3 Kf7 26. Kf2 Ng6 27. Ng3 Nf4 28. Bxf4 Bxf4 29. Ne4 Ke7 30. Kf3 b6 31. h4 d5 32. Nf2 e5 33. h5 Bc1 34. b3 b5 35. axb5 axb5 36. Ke2 Ke6 37. Kf3 Bb2 38. Nd1 Bc1 39. Nf2 Bf4 40. Nd1 Kd6 41. Nf2 b4 42. Nd1 bxc3 43. Nxc3 Bd2 44. Ne2 Kc6 45. Ng3 Bf4 46. Nf5 e4+ 47. dxe4 d4 48. Nxh6 Kb5 49. Nf5 Kb4 50. h6 Kxb3 51. h7 Be5 52. Ke2 c4 53. Kd1 d3 54. Ne3 c3 55. Kc1 c2 56. Kd2 Bb2 57. h8Q Bxh8 58. Nxc2 dxc2 59. Kc1 Bb2+ 60. Kd2 c1Q+ 61. Kd3 Qc3+ 62. Ke2 Kc4 0-1

[Event "GER-ch Blitz (Women)"]
[Site "Viernheim"]
[Date "2023.07.15"]
[Round "15"]
[White "Wagner, Dinara"]
[Black "Arnhold, Steffi"]
[Result "1-0"]
[WhiteElo "2447"]
[BlackElo "2110"]
[PlyCount "85"]
[EventDate "2023.07.15"]
[EventType "tourn (blitz)"]
[EventRounds "27"]
[EventCountry "GER"]
[SourceTitle "CBM 215 Extra"]
[Source "ChessBase"]
[SourceDate "2023.09.30"]
[SourceVersion "1"]
[SourceVersionDate "2023.09.30"]
[SourceQuality "1"]

1. d4 Nf6 2. c4 c5 3. d5 b5 4. cxb5 a6 5. bxa6 g6 6. Nf3 Bg7 7. g3 0-0 8. a7 Qa5+ 9. Bd2 Qxa7 10. Bc3 d6 11. Bg2 Nbd7 12. 0-0 Ba6 13. Re1 c4 14. Nd4 Nc5 15. Nd2 Qb7 16. Nc6 Bb5 17. Bd4 Nxd5 18. Bxg7 Kxg7 19. Nxe7 Qxe7 20. Bxd5 Rab8 21. Nxc4 Qf6 22. b3 Rfe8 23. Rc1 Re7 24. Bf3 Rd8 25. Qd5 Ba6 26. Qd2 d5 27. Ne3 Ne4 28. Qa5 Ree8 29. Nxd5 Qf5 30. Qxa6 Rxd5 31. Rc4 Rde5 32. Rxe4 Rxe4 33. Bxe4 Qxe4 34. Qc4 Qe5 35. Rc1 Kg8 36. a4 Rd8 37. Qc2 Rb8 38. Rd1 Qe6 39. Qc4 Qe5 40. Rd7 Qf5 41. Rc7 Rd8 42. Kg2 Qb1 43. Qxf7+ 1-0

[Event "Bayern-chI Bank Hofmann 25th"]
[Site "Tegernsee"]
[Date "2022.11.08"]
[Round "4"]
[White "Schneider, Ilja"]
[Black "Arnhold, Steffi"]
[Result "1-0"]
[WhiteElo "2481"]
[BlackElo "2142"]
[PlyCount "51"]
[EventDate "2022.11.05"]
[EventType "swiss"]
[EventRounds "9"]
[EventCountry "GER"]
[SourceTitle "CBM 211 Extra"]
[Source "ChessBase"]
[SourceDate "2023.01.31"]
[SourceVersion "1"]
[SourceVersionDate "2023.01.31"]
[SourceQuality "1"]

1. e4 c5 2. Nc3 a6 3. g3 d6 4. Bg2 Nc6 5. Nge2 g6 6. d4 cxd4 7. Nxd4 Bg7 8. Be3 Bd7 9. Nd5 Rc8 10. Nb5 Qa5+ 11. Nbc3 e6 12. Nb6 Rd8 13. 0-0 Bxc3 14. bxc3 Qxc3 15. Qxd6 Nge7 16. Qc7 Bc8 17. Bh6 f6 18. Rae1 Kf7 19. e5 f5 20. Bg5 Rhe8 21. Bf6 Rd2 22. Nxc8 Rxc8 23. Qxb7 Rb8 24. Qxa6 Rxc2 25. Rd1 Nxe5 26. Bxe7 1-0

[Event "GER-chT U20"]
[Site "Kiel"]
[Date "2022.07.25"]
[Round "5.5"]
[White "Farokhi, Keyvan"]
[Black "Arnhold, Steffi"]
[Result "1-0"]
[WhiteElo "2332"]
[BlackElo "2107"]
[PlyCount "145"]
[EventDate "2022.07.22"]
[EventType "team-swiss"]
[EventRounds "7"]
[EventCountry "GER"]
[SourceTitle "CBM 209 Extra"]
[Source "ChessBase"]
[SourceDate "2022.09.30"]
[SourceVersion "1"]
[SourceVersionDate "2022.09.30"]
[SourceQuality "1"]
[WhiteTeam "Kiel Doppelbauer"]
[BlackTeam "Regensburg Bavaria"]
[WhiteTeamCountry "GER"]
[BlackTeamCountry "GER"]

1. d4 Nf6 2. Nf3 b6 3. g3 Bb7 4. Bg2 e6 5. c4 Be7 6. 0-0 0-0 7. Nc3 d6 8. Qc2 c5 9. d5 exd5 10. cxd5 b5 11. Nxb5 Bxd5 12. Rd1 Na6 13. Nc3 Bc6 14. e4 Qb6 15. Bf4 Rad8 16. e5 dxe5 17. Bxe5 Ng4 18. Bf4 c4 19. Ng5 Bxg5 20. Bxg5 Rd3 21. Bxc6 Qxc6 22. Qe2 Qd7 23. h3 f6 24. Qe4 Ne5 25. Bf4 Nc5 26. Rxd3 Ncxd3 27. Bxe5 Nxe5 28. Kg2 Qd3 29. Rd1 Qxe4+ 30. Nxe4 Rb8 31. Rd2 Rb4 32. Nd6 g5 33. a3 Rb6 34. f4 gxf4 35. gxf4 c3 36. bxc3 Ng6 37. f5 Ne5 38. Ne4 Kf7 39. Rd4 Rb2+ 40. Kg3 Re2 41. Ra4 a5 42. Nd6+ Ke7 43. Nb5 Nc6 44. Rh4 Re5 45. Rxh7+ Kd8 46. Nc7 Re3+ 47. Kf4 Rxc3 48. Ne6+ Ke8 49. Rc7 Rc4+ 50. Kg3 a4 51. h4 Ne5 52. Rxc4 Nxc4 53. Nc7+ Kf7 54. Nb5 Kg7 55. Kf4 Kh6 56. Ke4 Kh5 57. Kd4 Na5 58. Kc5 Kxh4 59. Kb4 Nc6+ 60. Kxa4 Kg4 61. Nd6 Kf4 62. Kb5 Nd4+ 63. Kc5 Ke5 64. Nc4+ Ke4 65. Nd2+ Ke5 66. a4 Nxf5 67. a5 Ne7 68. a6 Nc8 69. Nc4+ Ke6 70. Kc6 f5 71. Kc7 Na7 72. Kb7 Nb5 73. Kb6 1-0

[Event "GER-chT U20"]
[Site "Kiel"]
[Date "2022.07.24"]
[Round "4.6"]
[White "Arnhold, Steffi"]
[Black "Weller, Uli"]
[Result "1-0"]
[WhiteElo "2107"]
[BlackElo "2195"]
[PlyCount "145"]
[EventDate "2022.07.22"]
[EventType "team-swiss"]
[EventRounds "7"]
[EventCountry "GER"]
[SourceTitle "CBM 209 Extra"]
[Source "ChessBase"]
[SourceDate "2022.09.30"]
[SourceVersion "1"]
[SourceVersionDate "2022.09.30"]
[SourceQuality "1"]
[WhiteTeam "Regensburg Bavaria"]
[BlackTeam "Augsburg"]
[WhiteTeamCountry "GER"]
[BlackTeamCountry "GER"]

1. e4 c5 2. Nf3 Nc6 3. d4 cxd4 4. Nxd4 Nf6 5. Nc3 e6 6. Nxc6 bxc6 7. e5 Nd5 8. Ne4 Qc7 9. f4 Qb6 10. c4 Ne3 11. Qd3 Bb4+ 12. Bd2 0-0 13. c5 Bxd2+ 14. Qxd2 Qb4 15. Qxb4 Nc2+ 16. Kd2 Nxb4 17. g3 a5 18. b3 f6 19. exf6 gxf6 20. Bc4 Ba6 21. Rhe1 Bxc4 22. bxc4 Na6 23. g4 f5 24. gxf5 Rxf5 25. Rg1+ Kh8 26. Ke3 Raf8 27. Rg4 Nxc5 28. Nd6 R5f6 29. Rg5 e5 30. Rxe5 Na6 31. Rd1 Rxf4 32. Rxa5 Nb4 33. Rd2 Rf3+ 34. Ke4 R8f4+ 35. Ke5 Rg4 36. Nf5 Nd3+ 37. Kd6 Rg8 38. Kxd7 c5 39. Kd6 Nf2 40. Rd5 Rd8+ 41. Ke7 Rg8 42. Raxc5 Nd3 43. Ra5 Nf4 44. Rd7 Ng6+ 45. Kf6 Nh4 46. Rf7 Rc8 47. Kg5 Nxf5 48. Raxf5 Rxf5+ 49. Kxf5 Rxc4 50. Ra7 Rc5+ 51. Kf6 Rc6+ 52. Kf7 h6 53. a4 Kh7 54. a5 h5 55. a6 Kh6 56. Ra8 Kg5 57. a7 Kh4 58. Re8 Rc7+ 59. Re7 Rc8 60. Re4+ Kh3 61. Ra4 Ra8 62. Ra2 h4 63. Kf6 Rf8+ 64. Ke5 Re8+ 65. Kf4 Rf8+ 66. Ke3 Ra8 67. Kf3 Rf8+ 68. Ke2 Re8+ 69. Kf1 Rf8+ 70. Kg1 Rg8+ 71. Kh1 Ra8 72. Ra4 Rb8 73. Rxh4+ 1-0

[Event "AUT-chT2W 2122"]
[Site "Austria"]
[Date "2022.06.04"]
[Round "7.1"]
[White "Kalcher, Mathias"]
[Black "Arnhold, Steffi"]
[Result "1/2-1/2"]
[WhiteElo "2099"]
[BlackElo "2094"]
[PlyCount "112"]
[EventDate "2021.10.15"]
[EventType "team-tourn"]
[EventRounds "11"]
[EventCountry "AUT"]
[SourceTitle "EXT 2023"]
[Source "ChessBase"]
[SourceDate "2022.10.05"]
[SourceVersion "1"]
[SourceVersionDate "2022.10.05"]
[SourceQuality "1"]
[WhiteTeam "Wolfurt"]
[BlackTeam "Salzburg Royal"]
[WhiteTeamCountry "AUT"]
[BlackTeamCountry "AUT"]

1. Nf3 c5 2. g3 b6 3. Bg2 Bb7 4. 0-0 Nf6 5. c4 e6 6. Nc3 Be7 7. d4 cxd4 8. Nxd4 Bxg2 9. Kxg2 0-0 10. Qa4 Qc7 11. Rd1 a6 12. Nf3 Rc8 13. c5 bxc5 14. Bf4 d6 15. Rac1 Nc6 16. Ne4 e5 17. Bg5 Nxe4 18. Qxe4 h6 19. Bd2 Qd7 20. Bc3 Qe6 21. b3 Rab8 22. Qd5 Nd4 23. Qxe6 fxe6 24. Rd2 Bf6 25. e3 Nxf3 26. Kxf3 d5 27. Ke2 c4 28. Ba1 cxb3 29. Rxc8+ Rxc8 30. axb3 Kf7 31. Ra2 Rc6 32. f4 e4 33. Bxf6 Kxf6 34. Kd2 Ke7 35. Ra1 Kd6 36. Ra5 Kc7 37. g4 Kb6 38. Ra1 Kb5 39. g5 h5 40. g6 Kb4 41. Rf1 a5 42. h4 Ka3 43. Ra1+ Kb2 44. Rxa5 Rc2+ 45. Ke1 Rg2 46. f5 exf5 47. Rxd5 Rxg6 48. Rxf5 Kxb3 49. Rxh5 Kc4 50. Ra5 Rg4 51. h5 Rh4 52. Kf2 Rg4 53. Rf5 Kd3 54. Rd5+ Kc4 55. Rf5 Kd3 56. Rd5+ Kc4 1/2-1/2

[Event "GER-CupT 2122 prel6"]
[Site "Bensheim"]
[Date "2022.03.26"]
[Round "1.3"]
[White "Arnhold, Steffi"]
[Black "Geerling, Anton"]
[Result "1-0"]
[WhiteElo "2100"]
[BlackElo "1994"]
[PlyCount "53"]
[EventDate "2022.03.26"]
[EventType "team-k.o."]
[EventRounds "2"]
[EventCountry "GER"]
[SourceTitle "EXT 2023"]
[Source "ChessBase"]
[SourceDate "2022.10.05"]
[SourceVersion "1"]
[SourceVersionDate "2022.10.05"]
[SourceQuality "1"]
[WhiteTeam "Regensburg Bavaria"]
[BlackTeam "Aachen SV"]
[WhiteTeamCountry "GER"]
[BlackTeamCountry "GER"]

1. e4 e5 2. Nf3 Nc6 3. Bc4 Bc5 4. c3 Nf6 5. d3 d6 6. Nbd2 a6 7. Bb3 Ba7 8. Nf1 d5 9. Qe2 dxe4 10. dxe4 Ng4 11. Be3 Nxe3 12. Nxe3 Bxe3 13. Qxe3 Qe7 14. Bd5 Nd8 15. 0-0 0-0 16. h3 c6 17. Bb3 Be6 18. Bxe6 Qxe6 19. Rfd1 f6 20. Qb6 Qe7 21. Nd2 Nf7 22. Nb3 Rad8 23. Nc5 Rxd1+ 24. Rxd1 Nd6 25. Qb4 Nf7 26. Rd7 Qe8 27. Qxb7 1-0

[Event "AUT-chT2W 2122"]
[Site "Austria"]
[Date "2022.03.12"]
[Round "10.5"]
[White "Arnhold, Steffi"]
[Black "Hengl, Philip"]
[Result "1/2-1/2"]
[WhiteElo "2094"]
[BlackElo "1947"]
[PlyCount "87"]
[EventDate "2021.10.15"]
[EventType "team-tourn"]
[EventRounds "11"]
[EventCountry "AUT"]
[SourceTitle "EXT 2023"]
[Source "ChessBase"]
[SourceDate "2022.10.05"]
[SourceVersion "1"]
[SourceVersionDate "2022.10.05"]
[SourceQuality "1"]
[WhiteTeam "Salzburg Royal"]
[BlackTeam "Rochade Rum"]
[WhiteTeamCountry "AUT"]
[BlackTeamCountry "AUT"]

1. e4 c6 2. Nc3 d5 3. Nf3 Bg4 4. h3 Bxf3 5. Qxf3 e6 6. Be2 Nd7 7. Qg3 Ne7 8. d3 Ng6 9. h4 h5 10. Bg5 Qb6 11. Rb1 d4 12. Nd1 Qa5+ 13. Bd2 Qxa2 14. Rc1 e5 15. 0-0 Be7 16. Bg5 Qe6 17. c3 f6 18. Bd2 Qf7 19. cxd4 exd4 20. Qh3 Nc5 21. Rxc5 Bxc5 22. Qf5 Ne5 23. f4 g6 24. Qh3 Nc4 25. Bc1 f5 26. b4 Bb6 27. e5 a5 28. Kh1 Ne3 29. Nxe3 dxe3 30. bxa5 Rxa5 31. Bxe3 Bxe3 32. Qxe3 Qe6 33. d4 0-0 34. Qc3 Ra4 35. Bd1 Rc4 36. Qa3 Kg7 37. Bb3 b5 38. Bxc4 Qxc4 39. Rc1 Qxd4 40. Rxc6 b4 41. Rc7+ Rf7 42. Rxf7+ Kxf7 43. Qc1 Qb6 44. Qc8 1/2-1/2